<?xml version="1.0" encoding="UTF-8"?><?xml-stylesheet type="text/xsl" href="static/style.xsl"?><OAI-PMH xmlns="http://www.openarchives.org/OAI/2.0/" xmlns:xsi="http://www.w3.org/2001/XMLSchema-instance" xsi:schemaLocation="http://www.openarchives.org/OAI/2.0/ http://www.openarchives.org/OAI/2.0/OAI-PMH.xsd"><responseDate>2026-06-02T11:57:28Z</responseDate><request verb="GetRecord" identifier="oai:riuma.uma.es:10630/30554" metadataPrefix="marc">https://riuma.uma.es/rest/oai/request</request><GetRecord><record><header><identifier>oai:riuma.uma.es:10630/30554</identifier><datestamp>2026-02-03T10:16:19Z</datestamp><setSpec>com_10630_1685</setSpec><setSpec>col_10630_38084</setSpec></header><metadata><record xmlns="http://www.loc.gov/MARC21/slim" xmlns:dcterms="http://purl.org/dc/terms/" xmlns:doc="http://www.lyncode.com/xoai" xmlns:xsi="http://www.w3.org/2001/XMLSchema-instance" xsi:schemaLocation="http://www.loc.gov/MARC21/slim http://www.loc.gov/standards/marcxml/schema/MARC21slim.xsd">
   <leader>00925njm 22002777a 4500</leader>
   <datafield ind2=" " ind1=" " tag="042">
      <subfield code="a">dc</subfield>
   </datafield>
   <datafield ind2=" " ind1=" " tag="720">
      <subfield code="a">González-Jurado, Deborah</subfield>
      <subfield code="e">author</subfield>
   </datafield>
   <datafield ind2=" " ind1=" " tag="260">
      <subfield code="c">2024</subfield>
   </datafield>
   <datafield ind2=" " ind1=" " tag="520">
      <subfield code="a">Este trabajo es el boceto de un primer acercamiento al estudio de los medios de comunicación y otros documentos o canales de alta difusión, en su faceta de creadores de identidad y conformadores de territorialidad en el caso concreto de la ciudad de Málaga. Como vehículos de transmisión de informaciones, los medios de comunicación a partir del siglo XIX, se configuran en lo que se ha denominado el 'nuevo periodismo'. Según explica nuestro profesor Juan Antonio García Galindo en su libro Prensa y Sociedad en Málaga 1875-19234, el 'nuevo periodismo', denominado 'periodismo masivo' se convirtió, a caballo entre los siglos XIX y XX, en “reclamo de la masa de lectores, no tanto por las grandes tiradas que pudieran lanzar los periódicos sino por la incorporación de lo colectivo al mundo de la noticia, por hacer de la gente algo noticiable, por convertir en objeto de consumo las curiosidades de los demás, o por acercar acontecimientos extraños y lejanos al conocimiento del lector local”. El papel de los medios de comunicación locales y otras publicaciones, escritos y documentos gráficos en la conformación identitaria y territorial de una comunidad, es nuestra clave inicial de partida.</subfield>
   </datafield>
   <datafield ind1="8" ind2=" " tag="024">
      <subfield code="a">GONZÁLEZ-JURADO, Deborah (2011) Fuentes para el estudio de la Semana Santa malagueña como referencia local de creación de identidad y territorio (siglos XIX, XX y XXI): Prensa y publicidad, folletos e impresos, testimonios orales, bibliografía e internet. Borrador incompleto.</subfield>
   </datafield>
   <datafield ind1="8" ind2=" " tag="024">
      <subfield code="a">https://hdl.handle.net/10630/30554</subfield>
   </datafield>
   <datafield tag="653" ind2=" " ind1=" ">
      <subfield code="a">Semana Santa - Málaga - En los medios de comunicación social</subfield>
   </datafield>
   <datafield ind2="0" ind1="0" tag="245">
      <subfield code="a">Fuentes para el estudio de la Semana Santa malagueña como referencia local de creación de identidad y territorio (siglos XIX, XX y XXI): Prensa y publicidad, folletos e impresos, testimonios orales, bibliografía e internet. Borrador incompleto. 2011.</subfield>
   </datafield>
</record>
</metadata></record></GetRecord></OAI-PMH>